000 00496cam a2200193ua 4500
020 _c51.00
041 _aeng
_h
082 _a631.587
_bKHU/IR
100 _aKushalani, K.B .
245 _aIrrigation practice and Design, Vol 5 /
_cK.B.Kushalani.
_hTextual Documents
250 _a1 /
_b.
260 _a :
_bOxford & IBH Publishing company ,
_c1994.
300 _a417 ; .
365 _a51.00
504 _a
700 1 _aManohar, Kushalani .
942 _cBK
999 _c1361
_d1361